| 000 | 00521nam a22001937a 4500 | ||
|---|---|---|---|
| 005 | 20240503102911.0 | ||
| 008 | 240503b |||||||| |||| 00| 0 eng d | ||
| 020 | _a044307108x | ||
| 082 |
_a618.92 _bSUT-T |
||
| 100 | _aSutton David | ||
| 245 |
_aTextbook of Radiology & Imaging : _bRepiralory system / _cDavid Sutton, |
||
| 250 | _a7th ed. | ||
| 260 |
_aChina ; _bchurchill ;2003. |
||
| 300 |
_a884p. _bill: _c27 cm. |
||
| 490 | _vvol 3. | ||
| 500 | _ainclude index. | ||
| 650 | _aMedical / Radiology | ||
| 999 |
_c35665 _d35665 |
||